Нормален изглед
MARC изглед
- София
Вход 05. Топологично име
001 - Контролен номер на записа
- Контролно поле: 179576
003 - Код на организацията, даваща контролен номер
- Контролно поле: BLK
005 - Дата и час на последна промяна на записа
- Контролно поле: 20180412190348.0
008 - Данни с фиксирана дължина – обща информация
- Данни с фиксирана дължина : 180403de|aczanaaad || aaa d
151 ## - ГЕОГРАФСКА ПРЕДМЕТНА РУБРИКА
- Топоним: София
942 ## - Системна служебна употреба
- Koha auth type: GEOGR_NAME